| 000 | 00415nam a22001337a 4500 | ||
|---|---|---|---|
| 020 | _a9787508541426 | ||
| 082 | _a327.51 | ||
| 100 | _aZhang Qingmin | ||
| 245 |
_aInterpretation of China’s Philosophy on Diplomacy in the New Era (Chinese Edition) _cZhang Qingmin |
||
| 260 |
_aChina _bIntercontinental press _c2020 |
||
| 300 | _a174p | ||
| 942 |
_2ddc _cBK |
||
| 999 |
_c586577 _d586577 |
||